Responses for Show #7852 - Tuesday, October 30, 2018

Contestants

[<< previous game]

Emily Frey, a professor from Swarthmore, Pennsylvania

Allen Adams, a writer/editor from Bangor, Maine

Tori Campbell, an attorney from Chicago, Illinois (whose 2-day cash winnings total $21,799)

[next game &gt;&gt;]

Jeopardy! Round responses

PICTURE THE PLAY
NATIONAL MEMORIALS
ETYMOLOGY
'60s MUSIC POTPOURRI
A BIT OLD FASHION
EPONYMOUSE
    $200 11
The Glass Menagerie

Emily
    $200 1
sic ('em)

Allen
    $200 29
[The end-of-round signal sounds.]

Woodstock

Allen
    $200 16
a necktie

Allen
    $200 5
Mickey Mouse

Allen
    $400 12
Bus Stop

Allen
    $400 24
(Alex: With less than a minute now.)

the Vietnam War Memorial

Emily
    $400 2
a butterfly

Tori
    $400 28
"Sugar, Sugar"

Tori
    $400 17
a wig

Tori
    $400 6
cat and mouse

Tori
    $600 13
The Cherry Orchard

Emily
    $600 21
El Paso

Tori
    $600 3
a canopy

Emily
    $600 27
Liverpool

Allen
    $600 20
high heels

Tori
    $600 7
of mice and men

Allen
    $800 14
Barefoot in the Park

Allen
    $800 22
(Allen: What is Philadelphia?)

New York

ToriAllen
    $800 4
a magpie

Allen
    $800 26
"Suspicious Minds"

Allen
    $800 19
servants

Tori
    $800 8
Danger Mouse

Allen
    $1000 15
American Buffalo

Allen
    $1000 23
Indiana

Tori
    $1,000 10
a constable

Allen
    $1000 25
psychedelic rock

Allen
    $1000 18
a sash

Emily
    $1000 9
Savoir Faire

Triple Stumper

Scores at the first commercial break (after clue 15):

Tori Allen Emily
$800 $5,800 $1,400

Scores at the end of the Jeopardy! Round:

Tori Allen Emily
$5,400 $7,800 $2,800

Double Jeopardy! Round responses

NO OSCAR FOR YOU!
ART FOR ART'S SAKE
AFRICAN GEOGRAPHY
THE 3 F CLUB
(Alex: Each correct response will have three "F"s.)
THE CARDINAL RULES
JOURNALISM
    $400 16
(Harrison) Ford

Tori
    $400 5
Amsterdam

Tori
    $400 6
Cairo

Tori
    $400 11
fluff

Allen
    $400 29
Vatican City

Tori
    $400 30
Ebola

Emily
    $800 15
Born on the Fourth of July

Allen
    $800 3
(Norman) Rockwell

Tori
    $800 7
(Allen: What is Johannesburg?)

Cape Town

Allen
Triple Stumper
    $800 20
chief of staff

Allen
    $800 28
Henry VIII

Tori
    $800 27
(Tori: What is NYU?)

Columbia

Tori
Triple Stumper
    $1200 12
The Big Chill

Allen
    $1200 1
(Emily: Who is Vermeer?)

Peter Paul Rubens

Emily
Triple Stumper
    $1200 8
Algeria

Tori
    $1200 19
Luftwaffe

Tori
    $1200 21
Ratzinger

Emily
    $1200 24
(Allen: Who is Edward R. Murrow?)

Walter Cronkite

AllenEmily
    $3,500 13
Greta Garbo

Allen
    $2,000 2
the pietà

Emily
    $1600 9
Zambia and Zimbabwe

Emily
    $1600 17
fisticuffs

Allen
    $1600 22
Cardinal Richelieu

Triple Stumper
    $1600 25
leaks

Allen
    $2000 14
Richard Burton

Triple Stumper
    $2000 4
(Allen: Who is Cronus?)

Saturn

ToriAllen
    $2000 10
Portuguese

Emily
    $2000 18
Hasenpfeffer

Allen
    $2000 23
inquisitor

Allen
    $2000 26
Standard Oil

Tori

Scores at the end of the Double Jeopardy! Round:

Tori Allen Emily
$14,200 $17,700 $10,000

[wagering suggestions for these scores]

Final Jeopardy! Round responses

TODAY'S INNOVATORS
(Alex: [To Emily] He's had more success with his vacuum cleaners, hasn't he?)
EmilyWho is Dyson?
$7,701
ToriWho is Elon Musk?
$6,000
AllenWho is Elon Richard Branson
$10,777
James Dyson

Final scores:

Tori Allen Emily
$8,200 $6,923 $17,701
2nd place: $2,000 3rd place: $1,000 New champion: $17,701

Game dynamics:

Coryat scores:

Tori Allen Emily
$14,200 $15,800 $9,600
19 R,
1 W
23 R
(including 2 DDs),
4 W
11 R
(including 1 DD),
1 W

Combined Coryat: $39,600

[game clues] [game scores] [suggest correction]

Game tape date: 2018-08-22
The J! Archive is created by fans, for fans. Scraping, republication, monetization, and malicious use prohibited; this site may use cookies and collect identifying information. See terms. The Jeopardy! game show and all elements thereof, including but not limited to copyright and trademark thereto, are the property of Jeopardy Productions, Inc. and are protected under law. This website is not affiliated with, sponsored by, or operated by Jeopardy Productions, Inc. Join the discussion at JBoard.tv.